MARC

LEADER 00000nam0a2200000 4500
001 330219
005 20231102004235.0
035 |a (RuTPU)RU\TPU\book\355992 
090 |a 330219 
100 |a 20170330d1955 m y0rusy50 ca 
101 0 |a rus 
102 |a RU 
105 |a a j 001zy 
200 1 |a Введение в гидротехнику  |e учебное пособие  |f Н. Н. Джунковский [и др.]  |g под ред. Н. Н. Джунковского 
210 |a Москва  |c Госстройиздат  |d 1955 
215 |a 302 с.  |c ил. 
320 |a Библиография в конце глав 
606 1 |a Гидротехника  |x В целом  |2 stltpush  |3 (RuTPU)RU\TPU\subj\38666  |9 59039 
610 1 |a гидрология 
610 1 |a плотины 
610 1 |a гидротехнические сооружения 
610 1 |a гидроэнергетика 
610 1 |a водные пути 
610 1 |a морские порты 
610 1 |a инженерные мелиорации 
610 1 |a водоснабжение 
610 1 |a рыбохозяйственная гидротехника 
610 1 |a водотоки 
610 1 |a водоемы 
610 1 |a изыскания 
610 1 |a учебные пособия 
675 |a 626/628(075.8)  |v 4 
701 1 |a Джунковский  |b Н. Н. 
701 1 |a Близняк  |b Е. В. 
701 1 |a Губин  |b Ф. Ф. 
701 1 |a Абрамов  |b Н. Н. 
701 1 |a Розанов  |b Н. П. 
702 1 |a Джунковский  |b Н. Н.  |4 340 
801 1 |a RU  |b 63413507  |c 20170330 
801 2 |a RU  |b 63413507  |c 20170331  |g RCR 
942 |c BK